A ticket to the circus : a memoir (Record no. 359629)

MARC details
000 -LEADER
fixed length control field 00724nam a2200229Ia 4500
008 - FIXED-LENGTH DATA ELEMENTS--GENERAL INFORMATION
fixed length control field 191130s2010##################000#0#eng##
020 ## - INTERNATIONAL STANDARD BOOK NUMBER
ISBN 9781400067947
082 ## - DEWEY DECIMAL CLASSIFICATION NUMBER
Classification number 813.54 MAI
100 ## - MAIN ENTRY--AUTHOR NAME
Personal name Mailer, Norris Church
245 ## - TITLE STATEMENT
Title A ticket to the circus : a memoir
Statement of responsibility, etc Norris Church Mailer
250 ## - EDITION STATEMENT
Edition statement 1st ed
260 ## - PUBLICATION, DISTRIBUTION, ETC. (IMPRINT)
Place of publication New York
Name of publisher Random House
Year of publication 2010
300 ## - PHYSICAL DESCRIPTION
Number of Pages 416 p. : ill., ports. ; 24 cm
650 ## - SUBJECT ADDED ENTRY--TOPICAL TERM
Topical Term Authors' spouses - United States - Biography
Topical Term Authors, American - 20th century - Biography
Topical Term Mailer, Norman - Marriage
Topical Term Mailer, Norris Church - Marriage
991 ## -
-- 295969
Holdings
Withdrawn status Lost status Damaged status Not for loan Home library Current library Date acquired Full call number Accession Number Price effective from Koha item type
        Anna Centenary Library Anna Centenary Library 17.10.2020 813.54 MAI 419654 17.10.2020 English Books

Find us on the map